| 000 | 00707cam a22002413a 4500 | ||
|---|---|---|---|
| 001 | 409 | ||
| 003 | PGUSA | ||
| 005 | 20140828082948.0 | ||
| 008 | 960101s1996||||xxu|||||s|||||000 p eng d | ||
| 040 |
_aPGUSA _beng |
||
| 042 | _adc | ||
| 050 | 4 | _aPS | |
| 100 | 1 |
_aWheatley, Phillis, _d1753-1784 |
|
| 245 | 1 | 0 |
_aPoems on various subjects, religious and moral _h[electronic resource] / _cPhillis Wheatley |
| 260 |
_bProject Gutenberg, _c1996 |
||
| 506 | _aPublic domain in the USA. | ||
| 516 | _aElectronic text | ||
| 653 | _aAmerican poetry -- African American authors | ||
| 653 | _aAmerican poetry | ||
| 830 | 0 |
_aProject Gutenberg _v409 |
|
| 856 | 4 | 0 | _uhttp://www.gutenberg.org/ebooks/409 |
| 942 | _cEB | ||
| 999 |
_c229760 _d229760 |
||